| 000 | 00954nam a2200313Ia 4500 | ||
|---|---|---|---|
| 001 | Para_7418 | ||
| 003 | CHAP | ||
| 008 | 220125s1940 xx 000 0 und d | ||
| 010 | _a206285 | ||
| 040 | _cCHAP | ||
| 082 | _aPA-C 632.3 B85 | ||
| 100 |
_aRosen, H.R. _9100106 |
||
| 245 |
_aLongevity of urediospores of crown rust of oats / _c by H.R. Rosen, L.M. Weetman |
||
| 260 |
_aFayetteville, Ark. : _b University of Arkansas. Agricultural Experiment Station |
||
| 300 | _a20 p. | ||
| 440 |
_aBulletin; 391 _9172355 |
||
| 500 | _aEncuadernado con otros impresos similares | ||
| 650 |
_aAvena _x enfermedades _98517 |
||
| 650 |
_aCultivos _x enfermedades _930262 |
||
| 650 |
_aRoya de los cereales _9100379 |
||
| 700 |
_aWeetman, L.M. _9172554 |
||
| 901 | _aPA-C 632.3 B85 | ||
| 902 | _aA | ||
| 905 | _a0000001940 0000000000 00 | ||
| 910 | _a1940 | ||
| 942 | _cPARA | ||
| 942 |
_cPARA _d1 |
||
| 999 |
_c206285 _d206285 |
||